| 000 | 00874nas a2200277 4500 | ||
|---|---|---|---|
| 001 | BR2012003916 | ||
| 003 | BR-BrBNA | ||
| 005 | 20231205120640.0 | ||
| 007 | ta | ||
| 008 | 230509b bl.|||p| |||| 00| 00por d | ||
| 040 |
_aBR-BrBNA _bpor _cBiblioteca Nacional de Agricultura |
||
| 041 | _a(Pt) | ||
| 072 | _aP34; K10 | ||
| 100 | 1 | _aSouchie, E.L. | |
| 100 | 1 | _aMiranda, C. do C. | |
| 100 | 1 | _aCampello, E.F.C. | |
| 100 | 1 | _aSilva, E.M.R. da | |
| 100 | 1 | _aSaggin-Júnior, O.J. | |
| 245 | 1 | _aEnriquecimento de capoeira com espécies arbóreas na região da mata atlântica | |
| 650 | _aESSÊNCIA FLORESTAL | ||
| 650 | _aFIXAÇÃO DE NITROGÊNIO | ||
| 650 | _aMICORRIZA VESICULAR ARBUSCULAR | ||
| 773 | 0 |
_tFloresta e Ambiente (Brazil) _xISSN 1415-0980 _g(2005), v. 12(1) p. 1-6 _wBR2012003916 |
|
| 909 |
_a202311 _bLúcia _c55 _dLúcia Elande |
||
| 942 |
_2AGRIS _n0 _cANA |
||
| 999 |
_c219562 _d219562 |
||